| 000 | 00793nam a2200253 a 4500 | ||
|---|---|---|---|
| 003 | MX-MxUPN | ||
| 005 | 20241004063742.0 | ||
| 008 | 991125s1968 fr fr 000 0 fre d | ||
| 035 | _aUPN01000034475 | ||
| 040 |
_aMX-MxUPN _bspa _cMX-MxUPN |
||
| 041 | _aspa | ||
| 050 | 4 |
_aLB1050.5 _bCH34 |
|
| 100 | 1 |
_aChassagny, Claude _953874 |
|
| 245 | 1 | 3 | _aLa lecture et l'orthographe chez l'enfant |
| 260 |
_aParís : _bPresses Universitaires de France, _c1968. |
||
| 300 | _a261 páginas | ||
| 490 | 0 | _aCollection sup. Paideïa. | |
| 650 | 2 |
_aDislexia _97896 |
|
| 650 | 4 |
_aLectura _xEnseñanza correctiva _919399 |
|
| 710 | 2 |
_928086 _aInstituto Nacional de Investigación Educativa (México) _epropietario anterior |
|
| 902 | _bMaríaRobles/031024 | ||
| 905 | _aLibro | ||
| 942 |
_2lcc _cLIBRO _n0 |
||
| 999 |
_c34475 _d34475 |
||